Męskie postacie z bajek Disneya - Statystyki

Ogólne statystyki
  • Ten quiz został rozwiązany 142 razy
  • Średni wynik to 6 z 14
Statystyki odpowiedzi
Obrazkowy Odpowiedź % Poprawnych
Alladyn
95%
Piotruś Pan
84%
Tarzan
83%
Herkules
72%
Jafar
46%
Hans
43%
Kristoff
32%
Flynn Rider
27%
John Smith
27%
Li Shang
18%
Kapitan Huk
9%
Książe Naveen
9%
Książe Eric
7%
Książe Charming
3%
Nie znaleziono quizów pasujących do podanych kryteriów
Rozkład punktacji
Procent ludzi z każdym wynikiem
Percentyl według liczby udzielonych odpowiedzi
Twoja historia wyników
Nie rozwiązałeś tego quizu